É óbvio! #3 - Statistics

Estatísticas Gerais
  • Esse quiz foi jogado 571 vezes
  • A pontuação média é 5 de 10
Estatísticas das Respostas
Dica óbvia Resposta óbvia % Correto
1 + 1 2
66%
O dia depois de hoje Amanhã
65%
Oposto de quente Frio
63%
Cabeça, ombro, joelho e...
62%
1, 2, 3, 4, 5, 6, 7, 8, 9, ?? 10
61%
Jogo quadrado {Mine}craft
61%
Primeiro mês {Jan}eiro
59%
Última letra do alfabeto Z
57%
Oposto de não Sim
56%
???.google.com WWW
55%
25 de Dezembro Natal
54%
Com manteiga é bom Pão
54%
Um em romanos I
53%
Papai do Natal Papai {Noel}
52%
Quantos segundos tem esse quiz? 20
51%
Planta do deserto Cacto
51%
Hambúrguer do Bob Esponja Hambúrguer de {Siri}
51%
O trem maluco quando sai de... Pernam{buco}
49%
Marido de Julieta Romeu
49%
Com leite, latte, expresso... Café
47%
Rosas são vermelhas, violetas são... Azuis
46%
Para aonde o foguete vai Espaço
44%
Quadrado 3D Cubo
41%
Banana, maçã e uva Fruta
38%
Quantidade de países 196
36%
Orgão da respiração Nariz
35%
Osso do sorriso Dente
33%
Um dos três erres (R) Reci{clar}
26%
E X o que que é? É {Xuxa}!
10%
Descrição dessa série Duh
0%
Nenhum quiz correspondente encontrado
Distribuição das Pontuações
Porcentagem de Pessoas com Cada Pontuação
Percentil de Números Respondidos
Sua Pontuação Histórica
Você não jogou esse quiz